| 000 | 00335nam a2200097Ia 4500 | ||
|---|---|---|---|
| 082 | _a916.87390466 YELL | ||
| 245 | 0 | _aCircling the Great Karoo : a back-roads journey though history on an old scrambler | |
| 100 |
_a YELL, Nicholas Botriver, South Africa, 2008 _969084 |
||
| 942 | _cBK | ||
| 008 | 210817s9999 xx 000 0 und d | ||
| 999 |
_c223207 _d223206 |
||